000 00543cam a22002171 4500
001 sa 64002137
003 DLC
005 20260227112008.0
008 890801s1961 pk 000 1 urdr
010 _asa 64002137
035 _a(OCoLC)20111218
040 _aDLC
_cWaU
_dDLC
042 _apremarc
050 0 0 _aPK2200.C5
_bB3
100 1 _aChandar, Krishan.
245 1 0 _aBarf ke phūl,
_bMuk̲h̲taṣar nāvil.
260 _aLahore,
_c[1961]
300 _a187 p.
_c18 cm.
500 _aIn Urdu.
500 _aText partially vocalized.
999 _c57169
_d57169